Research design: qualitative, quantitative, and mixed methods approaches
Saved in:
| Hovedforfatter: | |
|---|---|
| Format: | Bog |
| Sprog: | engelsk |
| Udgivet: |
Thousand Oaks
Sage
2014
|
| Udgivelse: | 4a. ed |
| Fag: | |
| Tags: |
Tilføj Tag
Ingen Tags, Vær først til at tagge denne postø!
|
MARC
| LEADER | 00000cam a2200000 a 4500 | ||
|---|---|---|---|
| 001 | UCE3445 | ||
| 003 | CL-VaPUC | ||
| 008 | 140905e20140000us |||||||||||||||||eng|d | ||
| 020 | |a 9781452226095 | ||
| 020 | |a 9781452226101 | ||
| 082 | 0 | 4 | |a 001.422 |b CRE |2 21 |
| 100 | 0 | |a Creswell, John W |e author |9 575912 | |
| 245 | 1 | 0 | |a Research design: qualitative, quantitative, and mixed methods approaches |
| 250 | |a 4a. ed | ||
| 300 | |a 273 p | ||
| 942 | |c BK | ||
| 945 | |d 20140905 00:55:00 |a arojas | ||
| 260 | |a Thousand Oaks |b Sage |c 2014 | ||
| 650 | 0 | |a Métodos de investigación |9 262618 | |
| 650 | 0 | |a Métodos cualitativos |9 373008 | |
| 650 | 7 | |a METODOS CUANTITATIVOS |2 CL-VaPUC |9 575913 | |
| 583 | |a last modification |c 20140905 00:55:00 |k Rodrigo Vera | ||
| 999 | |c 356733 |d 356731 | ||
| 952 | |0 0 |1 0 |3 erb |4 0 |6 001_422000000000000_CRE_2014 |7 0 |8 A |9 464297 |a FDOPOS |b FDOPOS |i 5111366 |o 001.422 CRE 2014 |p 5111366 |r 2025-01-22 |w 2019-11-23 |y BK |z Catalogado en:20140905 |k DLA | ||